MySQL in a nutshell /

Bibliographic Details
Main Author: Dyer, Russell J.T
Format: Book
Published: Beijing: O'Reilly, 2008 ..
Subjects:
LEADER 00631cam a2200217 7i4500
001 0000062926
005 20151104090000.0
005 ##20151104185300.0
003 ##MY-KlINT
020 # # |a 9780596514334  
039 # 9 |y 201511041853  |z VLOAD 
090 0 0 |a 005.2762 DYE  
100 1 # |a Dyer, Russell J.T. 
245 1 0 |a MySQL in a nutshell /   |c Dyer Russell J.T.. 
260 # # |a Beijing:   |b O'Reilly,   |c 2008 .. 
300 # # |a xvi, 545p;   |c 23cm. 
650 # 0 |a MySQL (Electronic resource)  
996 |a ikwas2010.out 
997 |a 3000014140  |b IKWS  |c MNF  |d BOK 
998 |a 0000009935 
999 |a 3000014140  |b BOOK  |c Main Non-Fiction  |e INTAN Kampus Wilayah Selatan